00410cam a2200157 4500020001500000020001500015020001500030082001200045100001700057245005500074250001100129260002800140300002200168505003800190650002400228 a058240746x a0582442079 a058244221400a547 FIN1 aFinar, I. L.00aOrganic chemistry .Vol1:The fundemental Principles a6th ed aLondon,bLongman,c1962 av. 965pbillus.1 av. 1. The fundamental principles. 0aChemistry, Organic.